Looking for Alaska (Record no. 11997)

000 -LEADER
fixed length control field 00395nam a22001577a 4500
008 - FIXED-LENGTH DATA ELEMENTS--GENERAL INFORMATION
fixed length control field 211103b ||||| |||| 00| 0 eng d
020 ## - INTERNATIONAL STANDARD BOOK NUMBER
International Standard Book Number 9780007523528
082 ## - DEWEY DECIMAL CLASSIFICATION NUMBER
Classification number 813.54
Item number GRE
100 ## - MAIN ENTRY--PERSONAL NAME
Personal name Green, John
245 ## - TITLE STATEMENT
Title Looking for Alaska
260 ## - PUBLICATION, DISTRIBUTION, ETC. (IMPRINT)
Place of publication, distribution, etc Great Britain
Name of publisher, distributor, etc Harper collins
Date of publication, distribution, etc 2005
300 ## - PHYSICAL DESCRIPTION
Extent 272p.
650 ## - SUBJECT ADDED ENTRY--TOPICAL TERM
Topical term or geographic name as entry element Boarding schools
650 ## - SUBJECT ADDED ENTRY--TOPICAL TERM
Topical term or geographic name as entry element Interpersonal relations
942 ## - ADDED ENTRY ELEMENTS (KOHA)
Item type Gratis Books
Holdings
Withdrawn status Lost status Source of classification or shelving scheme Damaged status Not for loan Collection code Permanent location Current location Shelving location Date acquired Full call number Barcode Date last seen Koha item type Public note
          Fiction IMU-MPC Library IMU-MPC Library Fiction 2021-11-03 813.54 GRE MPCG0406 2021-11-03 Gratis Books Column-63
Copyright © 2021 Indian Maritime University, Mumbai Port Campus. All Rights Reserved. Managed & Maintained by Central Library, IMU-Mumbai

webs counters

Powered by Koha